Kadrowicze Waldemara Fornalika - Statystyki

Ogólne statystyki
  • Ten quiz został rozwiązany 34 razy
  • Średni wynik to 38 z 60
Statystyki odpowiedzi
Mecze Pozycja Piłkarz % Poprawnych
4 Bramkarz Wojciech Szczęsny
100%
9 Bramkarz Artur Boruc
97%
11 Obrońca Kamil Glik
97%
2 Pomocnik Mariusz Lewandowski
97%
13 Napastnik Robert Lewandowski
97%
12 Pomocnik Jakub Błaszczykowski
93%
2 Obrońca Łukasz Broź
90%
7 Obrońca Łukasz Piszczek
90%
4 Obrońca Damien Perquis
87%
13 Pomocnik Grzegorz Krychowiak
87%
6 Pomocnik Ludovic Obraniak
87%
4 Obrońca Maciej Rybus
87%
5 Bramkarz Przemysław Tytoń
87%
6 Napastnik Arkadiusz Milik
83%
12 Obrońca Jakub Wawrzyniak
83%
9 Obrońca Marcin Wasilewski
83%
5 Obrońca Sebastian Boenisch
83%
15 Pomocnik Adrian Mierzejewski
80%
7 Pomocnik Eugen Polanski
80%
1 Napastnik Paweł Brożek
80%
2 Pomocnik Tomasz Jodłowiec
80%
9 Obrońca Artur Jędrzejczyk
77%
8 Pomocnik Kamil Grosicki
77%
7 Pomocnik Piotr Zieliński
77%
3 Obrońca Grzegorz Wojtkowiak
73%
1 Pomocnik Adam Matuszczyk
70%
6 Napastnik Artur Sobiech
70%
3 Obrońca Łukasz Szukała
70%
3 Napastnik Łukasz Teodorczyk
70%
2 Pomocnik Rafał Murawski
70%
1 Obrońca Bartosz Bereszyński
67%
1 Bramkarz Jerzy Dudek
63%
2 Pomocnik Sławomir Peszko
63%
9 Pomocnik Waldemar Sobota
63%
1 Bramkarz Tomasz Kuszczak
60%
5 Pomocnik Jakub Kosecki
57%
1 Pomocnik Janusz Gol
57%
5 Pomocnik Mateusz Klich
57%
2 Napastnik Marek Saganowski
53%
6 Pomocnik Paweł Wszołek
53%
4 Pomocnik Szymon Pawłowski
53%
1 Bramkarz Łukasz Skorupski
50%
1 Napastnik Mariusz Stępiński
50%
4 Obrońca Piotr Celeban
50%
1 Obrońca Jakub Rzeźniczak
47%
1 Pomocnik Radosław Majewski
47%
5 Obrońca Bartosz Salamon
43%
3 Napastnik Arkadiusz Piech
40%
4 Obrońca Marcin Komorowski
40%
1 Napastnik Marcin Robak
40%
1 Pomocnik Michał Kucharczyk
40%
6 Pomocnik Ariel Borysiuk
37%
5 Pomocnik Daniel Łukasik
37%
2 Pomocnik Dominik Furman
33%
1 Pomocnik Łukasz Trałka
33%
2 Pomocnik Tomasz Kupisz
23%
1 Obrońca Adam Danch
20%
3 Pomocnik Przemysław Kaźmierczak
20%
1 Bramkarz Jakub Słowik
17%
1 Obrońca Bartosz Rymaniak
0%
Nie znaleziono quizów pasujących do podanych kryteriów
Rozkład punktacji
Procent ludzi z każdym wynikiem
Percentyl według liczby udzielonych odpowiedzi
Twoja historia wyników
Nie rozwiązałeś tego quizu